000 00394nam a22001697a 4500
005 20230903090703.0
008 230903b |||||||| |||| 00| 0 eng d
020 _a0421465506
082 _a344.104
_bHAW-E
100 _aHawke
245 _aEnvironmental Health Law
260 _aBritain;
_bSweet,
_c1995.
300 _a606 Pages
500 _aInclude Index
650 _aMisx
999 _c33392
_d33392